| 000 | 00950nam a22002297a 4500 | ||
|---|---|---|---|
| 003 | OSt | ||
| 005 | 20150408114204.0 | ||
| 008 | 140114s 2011jo ||||g b 00| 0 ara d | ||
| 020 | _a9789957066970 | ||
| 040 |
_ama-un _bara |
||
| 082 |
_221 _a372.4 _bج ع ت |
||
| 100 |
_aجاب الله، علي سعد _942317 |
||
| 245 |
_aتعليم القراءة والكتابة : _bأسسه وجراءاته التربوية / _cعلي سعد جاب الله، سيد فهمي مكاوي، ماهر شعبان عبد الباري. |
||
| 260 |
_aعمان، الأردن : _bدار المسيرة للطباعة، _c2013 |
||
| 300 |
_a304 ص. ؛ _c24 سم. |
||
| 504 | _aقائمة ببلويجرافية. | ||
| 650 |
_aالقراءة _xدراسة وتعليم _912666 |
||
| 650 |
_aالكتابة _xدراسة وتعليم _942318 |
||
| 700 |
_aمكاوي، سيد فهمي _942319 |
||
| 700 | _aعبد الباري، ماهر شعبان | ||
| 942 |
_2ddc _cBOOK |
||
| 999 |
_c33261 _d267761 |
||